| 000 | 00601pam a2200217 a 4500 | ||
|---|---|---|---|
| 001 | 3770162 | ||
| 005 | 20180222065014.0 | ||
| 008 | 830613s1984 nyu b 001 0 eng | ||
| 010 | _a 83045260 | ||
| 020 |
_a0465017894 : _c$16.95 |
||
| 040 |
_aDLC _cDLC _dDLC |
||
| 041 | _aeng | ||
| 080 | _a330.019 mai | ||
| 082 | 0 | 0 |
_a330.019 mai _219 |
| 100 | 1 | _a52 | |
| 101 | _aeco | ||
| 245 | 1 | 0 |
_aEconomic games people play / _cShlomo Maital & Sharone L. Maital. |
| 504 | _aIncludes bibliographical references and index. | ||
| 906 |
_a7 _bcbc _corignew _d1 _eocip _f19 _gy-gencatlg |
||
| 942 |
_2ddc _cBK |
||
| 999 |
_c43171 _d43171 |
||